| 000 | 00400 a2200145 4500 | ||
|---|---|---|---|
| 999 |
_c8302 _d8302 |
||
| 020 | _a9780415811682 | ||
| 050 | _aPN1655 LEA 2013 | ||
| 100 |
_a Leach, Robert _d1942- _eauthor |
||
| 245 |
_aTheatre studies : _bthe basics / _cRobert Leach |
||
| 264 |
_aNew York : _bRoutledge, _c 2008. |
||
| 300 | _ax, 194 p. ; 19 cm | ||
| 500 | _alncludes index | ||
| 650 | _aDrama. | ||
| 942 |
_2lcc _cBK _h1655 _iLEA _kPN |
||